<?xml version="1.0" encoding="utf-8"?>
<?xml-stylesheet type='text/xsl' href='./oai2.xsl'?>
<OAI-PMH xmlns="http://www.openarchives.org/OAI/2.0/" xmlns:xsi="http://www.w3.org/2001/XMLSchema-instance" xsi:schemaLocation="http://www.openarchives.org/OAI/2.0/ http://www.openarchives.org/OAI/2.0/OAI-PMH.xsd">
  <responseDate>2026-06-05T06:52:54Z</responseDate>
  <request verb="GetRecord" metadataPrefix="marcxml" identifier="record_kuniweb_166485">https://kulturerbe.niedersachsen.de/oai</request>
  <GetRecord>
    <record>
      <header>
        <identifier>record_kuniweb_166485</identifier>
        <datestamp>2025-08-28T09:38:22Z</datestamp>
        <setSpec>slg0139</setSpec>
      </header>
      <metadata>
        <marc:record xmlns:marc="http://www.loc.gov/MARC21/slim" xsi:schemaLocation="http://www.loc.gov/MARC21/slim http://www.loc.gov/standards/marcxml/schema/MARC21slim.xsd">
          <marc:leader>12345nkm  22     uu 4500</marc:leader>
          <marc:controlfield tag="001">166485</marc:controlfield>
          <marc:controlfield tag="003">http://kuniweb.gbv.de</marc:controlfield>
          <marc:controlfield tag="005">2025-08-11T12:00:52</marc:controlfield>
          <marc:controlfield tag="008">|           ||||||||||||||||||||||</marc:controlfield>
          <marc:datafield tag="245" ind1="1" ind2="0">
            <marc:subfield code="a">Liegendes Vorgelege für Herrn Friedrich Sander, Mühlenbesitzer in Oelerse, 1921</marc:subfield>
          </marc:datafield>
          <marc:datafield tag="655" ind1=" " ind2="7">
            <marc:subfield code="a">Grafik</marc:subfield>
          </marc:datafield>
          <marc:datafield tag="046" ind1=" " ind2=" ">
            <marc:subfield code="k">1921-06-30</marc:subfield>
            <marc:subfield code="k">30.06.1921</marc:subfield>
          </marc:datafield>
          <marc:datafield tag="260" ind1=" " ind2=" ">
            <marc:subfield code="g">1921-06-30</marc:subfield>
            <marc:subfield code="g">30.06.1921</marc:subfield>
          </marc:datafield>
          <marc:datafield tag="520" ind1=" " ind2=" ">
            <marc:subfield code="a">Zeichnung - schwarz-weiß
Herstellungsort -  Königshütte, Bad Lauterberg 

Auftraggeber und Standort:
Fr. Sander, Oelerse 

Anmerkung:
So "neu" wie ihr Name es verheißt, ist diese Mühle gar nicht. Nachdem ihre Vorgängerin bei Abbensen auf Geheiß des Herzogs Wilhelm von aufgebrachten Bauern - deren Wiesen durch zu hohes Anstauen des Gutsherrn von Saldern oft unter Wasser standen - bis auf den Grundbaum niedergerissen wurde, ließ der Herzog weiter unten am Strom eine neue Mühle errichten. Das war um 1579 (1581 ?). Seither hat sich dieser Name erhalten. Als Eigentum der Herzöge zu Celle hatte die Mühlenanlage von den umliegenden Bauern instand gehalten zu werden, mit Hand- und Spanndiensten, Baumaßnahmen und Arbeiten am Flussbett. Nach häufigen Reparaturen muss schließlich im Jahr 1668 das Grundwerk erneuert werden, wozu der Fluss Fuhse umgeleitet werden muss.
1724 wird der Müller Johann Hinrich Kove erwähnt. Bis in das Jahr 1903 brachten die Bauern aus Dollbergen ihr Korn zur Neuen Mühle nach Oelerse. Es gab früher den sogenannten "Mühlenbann", der den Bauern vorschrieb, in welcher Mühle sie mahlen lassen mussten. Die Neue Mühle war eine solche Bannmühle für das ganze Kirchspiel Sievershausen, zu dem ja auch Dollbergen gehörte.
Die Wassermühle läuft seit 1906 im Turbinenbetrieb und erzeugt seit 1994 Strom für etwa 50 Haushalte.
gefunden in:
Wassermühlen - Rattarium
rattarium.de/d-wiki/wassermuehlen.php










 


 (Förderkreis Königshütte Bad Lauterberg e.V.)

Maßstab: 1 zu 25</marc:subfield>
          </marc:datafield>
          <marc:datafield tag="650" ind1="1" ind2=" ">
            <marc:subfield code="a">Mühle</marc:subfield>
          </marc:datafield>
          <marc:datafield tag="650" ind1="1" ind2=" ">
            <marc:subfield code="a">Grafik, Fotografie &gt; Zeichnung</marc:subfield>
          </marc:datafield>
          <marc:datafield tag="650" ind1="1" ind2=" ">
            <marc:subfield code="a">Müller</marc:subfield>
          </marc:datafield>
          <marc:datafield tag="650" ind1="1" ind2=" ">
            <marc:subfield code="a">Edemissen (Peine, Niedersachsen)</marc:subfield>
          </marc:datafield>
          <marc:datafield tag="773" ind1="0" ind2=" ">
            <marc:subfield code="t">Zeichnungen von Mühlenanlagen</marc:subfield>
          </marc:datafield>
          <marc:datafield tag="852" ind1=" " ind2=" ">
            <marc:subfield code="a">Industriedenkmal Königshütte Bad Lauterberg im Harz</marc:subfield>
          </marc:datafield>
          <marc:datafield tag="" ind1=" " ind2=" ">
            <marc:subfield code="a">Namensnennung - Nicht kommerziell - Keine Bearbeitungen 4.0 International (CC BY-NC-ND 4.0)</marc:subfield>
          </marc:datafield>
        </marc:record>
      </metadata>
    </record>
  </GetRecord>
</OAI-PMH>
